[Event "Baku Chess Olympiad | Open"]
[Site "chess24.com"]
[Date "2016.09.12"]
[Round "10"]
[White "Chunguane, Ilidio Alberto"]
[Black "Sie Thu"]
[Result "1/2-1/2"]
[Board "3"]
[WhiteID "14800276"]
[WhiteElo "2034"]
[WhiteCountry "MOZ"]
[WhiteFideId "14800276"]
[WhiteEloChange "3"]
[BlackID "13002767"]
[BlackElo "2148"]
[BlackCountry "MYA"]
[BlackFideId "13002767"]
[BlackEloChange "-3"]

1. d4 {[%clk 1:30:48]} Nf6 {[%clk 1:30:44]} 2. c4 {[%clk 1:30:45]} e6 {[%clk
1:30:37]} 3. Nc3 {[%clk 1:30:44]} Bb4 {[%clk 1:30:58]} 4. Nf3 {[%clk 1:29:30]} b6
{[%clk 1:30:42]} 5. Bg5 {[%clk 1:28:45]} Bb7 {[%clk 1:30:10]} 6. e3 {[%clk
1:28:43]} h6 {[%clk 1:28:51]} 7. Bh4 {[%clk 1:27:15]} g5 {[%clk 1:27:38]} 8. Bg3
{[%clk 1:27:42]} Ne4 {[%clk 1:26:28]} 9. Qc2 {[%clk 1:27:37]} d6 {[%clk 1:16:39]}
10. Nd2 {[%clk 1:25:43]} Bxc3 {[%clk 1:15:16]} 11. bxc3 {[%clk 1:26:01]} Nxg3
{[%clk 1:15:12]} 12. hxg3 {[%clk 1:26:28]} Nd7 {[%clk 1:11:27]} 13. e4 {[%clk
1:24:55]} e5 {[%clk 1:08:27]} 14. Be2 {[%clk 1:23:12]} Qf6 {[%clk 1:07:05]} 15.
Qd3 {[%clk 1:22:24]} O-O-O {[%clk 0:57:41]} 16. Bg4 {[%clk 1:21:28]} Kb8 {[%clk
0:57:05]} 17. Bxd7 {[%clk 1:20:58]} Rxd7 {[%clk 0:57:34]} 18. d5 {[%clk 1:19:29]}
h5 {[%clk 0:56:39]} 19. Qf3 {[%clk 1:17:23]} Qg6 {[%clk 0:50:51]} 20. g4 {[%clk
1:14:41]} h4 {[%clk 0:46:35]} 21. Nf1 {[%clk 1:14:28]} c6 {[%clk 0:44:50]} 22.
Qf5 {[%clk 1:12:07]} Qxf5 {[%clk 0:43:53]} 23. gxf5 {[%clk 1:12:24]} cxd5 {[%clk
0:44:09]} 24. cxd5 {[%clk 1:12:52]} Rc7 {[%clk 0:43:27]} 25. Kd2 {[%clk 1:13:17]}
Rhc8 {[%clk 0:31:46]} 26. Rc1 {[%clk 1:12:30]} Rc4 {[%clk 0:32:07]} 27. f3 {[%clk
1:12:32]} Ra4 {[%clk 0:31:40]} 28. Rc2 {[%clk 1:12:52]} g4 {[%clk 0:29:13]} 29.
Rxh4 {[%clk 1:08:23]} gxf3 {[%clk 0:29:36]} 30. gxf3 {[%clk 1:08:13]} Bxd5 {[%clk
0:29:50]} 31. Rh6 {[%clk 1:07:07]} Bxa2 {[%clk 0:30:05]} 32. Rxd6 {[%clk
1:07:10]} Rh8 {[%clk 0:29:08]} 33. Ke3 {[%clk 1:00:32]} Bc4 {[%clk 0:22:13]} 34.
Nh2 {[%clk 0:57:35]} 1/2-1/2

[Event "Baku Chess Olympiad | Open"]
[Site "chess24.com"]
[Date "2016.09.12"]
[Round "10"]
[White "Mohtaat, Homayoun"]
[Black "Arias, Lemnys A."]
[Result "0-1"]
[Board "1"]
[WhiteID "11700394"]
[WhiteElo "1655"]
[WhiteCountry "AFG"]
[WhiteFideId "11700394"]
[WhiteEloChange "-2"]
[BlackID "6700284"]
[BlackElo "2305"]
[BlackTitle "IM"]
[BlackCountry "ESA"]
[BlackFideId "6700284"]
[BlackEloChange "2"]

1. d4 {[%clk 1:30:58]} Nf6 {[%clk 1:30:25]} 2. Nf3 {[%clk 1:31:13]} d6 {[%clk
1:29:08]} 3. g3 {[%clk 1:31:14]} b5 {[%clk 1:28:41]} 4. a4 {[%clk 1:29:16]} b4
{[%clk 1:28:39]} 5. Bg2 {[%clk 1:29:02]} a5 {[%clk 1:27:09]} 6. c4 {[%clk
1:28:24]} Bb7 {[%clk 1:27:20]} 7. Nbd2 {[%clk 1:27:06]} e6 {[%clk 1:27:21]} 8. b3
{[%clk 1:26:48]} Nbd7 {[%clk 1:26:08]} 9. O-O {[%clk 1:26:54]} Be7 {[%clk
1:26:03]} 10. Bb2 {[%clk 1:27:01]} O-O {[%clk 1:25:15]} 11. Qc2 {[%clk 1:27:20]}
c5 {[%clk 1:20:49]} 12. e3 {[%clk 1:26:44]} Rc8 {[%clk 1:20:31]} 13. Rad1 {[%clk
1:22:30]} Qb6 {[%clk 1:15:06]} 14. Qb1 {[%clk 1:21:51]} Rfe8 {[%clk 1:12:30]} 15.
Rfe1 {[%clk 1:21:41]} d5 {[%clk 1:09:02]} 16. Ne5 {[%clk 1:19:19]} Nxe5 {[%clk
1:02:51]} 17. dxe5 {[%clk 1:19:37]} Nd7 {[%clk 1:03:19]} 18. e4 {[%clk 1:16:16]}
d4 {[%clk 0:59:54]} 19. f4 {[%clk 1:15:32]} Qc7 {[%clk 0:58:40]} 20. h4 {[%clk
1:13:51]} Bf8 {[%clk 0:54:19]} 21. Qd3 {[%clk 1:13:45]} Rcd8 {[%clk 0:54:14]} 22.
Nf3 {[%clk 1:12:19]} f6 {[%clk 0:46:43]} 23. exf6 {[%clk 1:11:31]} gxf6 {[%clk
0:47:10]} 24. Bh3 {[%clk 1:08:21]} Bd6 {[%clk 0:43:05]} 25. Bc1 {[%clk 1:07:30]}
Kh8 {[%clk 0:42:51]} 26. Kf2 {[%clk 1:06:11]} Qc6 {[%clk 0:42:26]} 27. Bg2 {[%clk
0:57:38]} Rg8 {[%clk 0:38:17]} 28. Re2 {[%clk 0:53:54]} Rdf8 {[%clk 0:36:34]} 29.
Rh1 {[%clk 0:52:41]} Rg7 {[%clk 0:35:28]} 30. Rh3 {[%clk 0:49:17]} Rfg8 {[%clk
0:31:48]} 31. Nh2 {[%clk 0:46:55]} Qc8 {[%clk 0:24:13]} 32. Kg1 {[%clk 0:44:22]}
Qe8 {[%clk 0:21:24]} 33. h5 {[%clk 0:41:06]} Qf7 {[%clk 0:18:33]} 34. Rf2 {[%clk
0:38:32]} f5 {[%clk 0:14:26]} 35. e5 {[%clk 0:32:20]} Nxe5 {[%clk 0:08:51]} 36.
fxe5 {[%clk 0:32:31]} Bxe5 {[%clk 0:09:20]} 37. Nf1 {[%clk 0:22:17]} Qc7 {[%clk
0:08:22]} 38. Bxb7 {[%clk 0:16:44]} Qxb7 {[%clk 0:08:33]} 39. Qf3 {[%clk
0:15:34]} Qc7 {[%clk 0:06:24]} 40. Kh2 {[%clk 0:40:22]} Rg4 {[%clk 0:36:26]} 41.
Bf4 {[%clk 0:39:44]} Qd6 {[%clk 0:30:43]} 42. h6 {[%clk 0:34:10]} Qc7 {[%clk
0:28:44]} 43. Nd2 {[%clk 0:30:51]} Qd6 {[%clk 0:25:02]} 44. Rh5 {[%clk 0:29:32]}
Bxf4 {[%clk 0:23:50]} 45. gxf4 {[%clk 0:29:48]} e5 {[%clk 0:24:18]} 46. Qh3
{[%clk 0:17:39]} e4 {[%clk 0:23:57]} 47. Nxe4 {[%clk 0:09:29]} fxe4 {[%clk
0:24:00]} 48. Rd5 {[%clk 0:09:56]} Qf6 {[%clk 0:24:10]} 49. Rh5 {[%clk 0:06:30]}
e3 {[%clk 0:24:16]} 0-1

[Event "Baku Chess Olympiad | Open"]
[Site "chess24.com"]
[Date "2016.09.12"]
[Round "10"]
[White "Giron, Jorge Ernesto"]
[Black "Farazi, Khaiber"]
[Result "1-0"]
[Board "2"]
[WhiteID "6702309"]
[WhiteElo "2208"]
[WhiteTitle "CM"]
[WhiteCountry "ESA"]
[WhiteFideId "6702309"]
[WhiteEloChange "7"]
[BlackID "11700599"]
[BlackElo "2097"]
[BlackCountry "AFG"]
[BlackFideId "11700599"]
[BlackEloChange "-7"]

1. e4 {[%clk 1:30:47]} c5 {[%clk 1:30:45]} 2. Nf3 {[%clk 1:31:12]} d6 {[%clk
1:31:12]} 3. d4 {[%clk 1:31:37]} cxd4 {[%clk 1:31:39]} 4. Nxd4 {[%clk 1:32:04]}
Nf6 {[%clk 1:31:59]} 5. Nc3 {[%clk 1:32:29]} a6 {[%clk 1:32:23]} 6. Be3 {[%clk
1:30:52]} e5 {[%clk 1:28:33]} 7. Nb3 {[%clk 1:31:13]} Be6 {[%clk 1:28:45]} 8. f3
{[%clk 1:31:37]} Be7 {[%clk 1:27:55]} 9. Qd2 {[%clk 1:32:01]} b5 {[%clk 1:25:02]}
10. g4 {[%clk 1:30:47]} b4 {[%clk 1:23:30]} 11. Na4 {[%clk 1:28:45]} Nbd7 {[%clk
1:19:34]} 12. g5 {[%clk 1:28:06]} Nh5 {[%clk 1:19:28]} 13. Rg1 {[%clk 1:08:23]}
O-O {[%clk 1:18:54]} 14. Qxb4 {[%clk 1:06:40]} d5 {[%clk 1:14:08]} 15. Qa5 {[%clk
1:06:54]} d4 {[%clk 1:07:06]} 16. Qxd8 {[%clk 1:06:47]} Rfxd8 {[%clk 1:04:06]}
17. Bd2 {[%clk 1:07:12]} Rdb8 {[%clk 1:01:55]} 18. c3 {[%clk 1:02:11]} dxc3
{[%clk 0:54:24]} 19. Bxc3 {[%clk 1:02:26]} Bb4 {[%clk 0:44:37]} 20. O-O-O {[%clk
1:00:00]} Nf4 {[%clk 0:41:39]} 21. Kb1 {[%clk 0:54:27]} Bxc3 {[%clk 0:37:35]} 22.
Nxc3 {[%clk 0:54:08]} Bxb3 {[%clk 0:32:57]} 23. Rxd7 {[%clk 0:52:58]} Be6 {[%clk
0:32:55]} 24. Rd6 {[%clk 0:53:22]} a5 {[%clk 0:32:29]} 25. Bb5 {[%clk 0:52:25]}
Rd8 {[%clk 0:30:27]} 26. Rxd8+ {[%clk 0:49:27]} Rxd8 {[%clk 0:30:53]} 27. Kc2
{[%clk 0:49:06]} Kf8 {[%clk 0:29:33]} 28. a3 {[%clk 0:45:53]} Ke7 {[%clk
0:21:46]} 29. b4 {[%clk 0:45:23]} axb4 {[%clk 0:22:08]} 30. axb4 {[%clk 0:45:52]}
Rb8 {[%clk 0:21:18]} 31. Rb1 {[%clk 0:36:42]} Nh3 {[%clk 0:20:34]} 32. Be2 {[%clk
0:36:42]} Nxg5 {[%clk 0:20:15]} 33. b5 {[%clk 0:37:04]} Nh3 {[%clk 0:20:05]} 34.
b6 {[%clk 0:34:11]} Nf4 {[%clk 0:19:00]} 35. Ba6 {[%clk 0:34:07]} Bd7 {[%clk
0:15:30]} 36. Bc4 {[%clk 0:31:10]} Bc6 {[%clk 0:15:45]} 37. Rb4 {[%clk 0:22:43]}
f6 {[%clk 0:14:16]} 38. Kb3 {[%clk 0:22:54]} Kd6 {[%clk 0:14:08]} 39. Na4 {[%clk
0:21:16]} Nh3 {[%clk 0:12:43]} 40. Bb5 {[%clk 0:50:30]} Ng5 {[%clk 0:42:14]} 41.
Bxc6 {[%clk 0:50:45]} Kxc6 {[%clk 0:42:27]} 42. Rc4+ {[%clk 0:51:04]} Kd6 {[%clk
0:40:41]} 43. Kb4 {[%clk 0:39:03]} Nxf3 {[%clk 0:38:47]} 44. Kb5 {[%clk 0:39:28]}
Nd4+ {[%clk 0:38:30]} 45. Ka6 {[%clk 0:37:45]} Nc6 {[%clk 0:34:45]} 46. Kb5
{[%clk 0:38:11]} Nd4+ {[%clk 0:32:40]} 47. Ka6 {[%clk 0:38:40]} Ra8+ {[%clk
0:30:24]} 48. Kb7 {[%clk 0:38:51]} Rg8 {[%clk 0:25:38]} 49. Rc5 {[%clk 0:37:07]}
f5 {[%clk 0:23:30]} 50. Rd5+ {[%clk 0:37:27]} Ke6 {[%clk 0:23:38]} 51. Nc5+
{[%clk 0:37:52]} Kf7 {[%clk 0:22:46]} 52. Rxe5 {[%clk 0:36:01]} f4 {[%clk
0:22:43]} 53. Rd5 {[%clk 0:35:51]} Ne2 {[%clk 0:20:58]} 54. Kc7 {[%clk 0:35:04]}
g5 {[%clk 0:19:21]} 55. b7 {[%clk 0:34:36]} g4 {[%clk 0:19:23]} 56. Rd8 {[%clk
0:31:37]} Rxd8 {[%clk 0:19:13]} 57. Kxd8 {[%clk 0:32:05]} g3 {[%clk 0:17:02]} 58.
hxg3 {[%clk 0:32:30]} fxg3 {[%clk 0:17:07]} 59. b8Q {[%clk 0:32:44]} g2 {[%clk
0:16:32]} 60. Qc7+ {[%clk 0:32:45]} Kg8 {[%clk 0:13:32]} 61. Nd7 {[%clk 0:33:09]}
Kg7 {[%clk 0:05:53]} 62. Ne5+ {[%clk 0:33:32]} Kh6 {[%clk 0:04:04]} 63. Nf3
{[%clk 0:33:57]} Nd4 {[%clk 0:02:29]} 64. Qb6+ {[%clk 0:34:14]} Kh5 {[%clk
0:02:24]} 65. Qxd4 {[%clk 0:34:37]} h6 {[%clk 0:02:52]} 66. Qg1 {[%clk 0:34:34]}
1-0

[Event "Baku Chess Olympiad | Open"]
[Site "chess24.com"]
[Date "2016.09.12"]
[Round "10"]
[White "Mirzaad, S.wahabuddin"]
[Black "Chavez, Hector Eduardo"]
[Result "1/2-1/2"]
[Board "3"]
[WhiteID "11700785"]
[WhiteElo "2069"]
[WhiteTitle "CM"]
[WhiteCountry "AFG"]
[WhiteFideId "11700785"]
[BlackID "6700160"]
[BlackElo "2077"]
[BlackCountry "ESA"]
[BlackFideId "6700160"]

1. d4 {[%clk 1:30:50]} Nf6 {[%clk 1:30:55]} 2. c4 {[%clk 1:31:15]} c5 {[%clk
1:31:18]} 3. d5 {[%clk 1:31:07]} b5 {[%clk 1:31:42]} 4. cxb5 {[%clk 1:31:28]} a6
{[%clk 1:32:06]} 5. bxa6 {[%clk 1:31:11]} g6 {[%clk 1:32:22]} 6. g3 {[%clk
1:31:09]} Bxa6 {[%clk 1:32:11]} 7. Bg2 {[%clk 1:30:59]} d6 {[%clk 1:32:35]} 8.
Nf3 {[%clk 1:31:10]} Bg7 {[%clk 1:32:48]} 9. O-O {[%clk 1:31:35]} Nbd7 {[%clk
1:33:15]} 10. Nc3 {[%clk 1:31:52]} Nb6 {[%clk 1:33:22]} 11. Re1 {[%clk 1:31:56]}
O-O {[%clk 1:30:37]} 12. e4 {[%clk 1:31:08]} Nfd7 {[%clk 1:31:00]} 13. Be3 {[%clk
1:30:47]} Nc4 {[%clk 1:30:29]} 14. Qc2 {[%clk 1:29:06]} Qa5 {[%clk 1:28:31]} 15.
Rac1 {[%clk 1:15:35]} Rfb8 {[%clk 1:18:17]} 16. b3 {[%clk 1:08:22]} Nxe3 {[%clk
1:02:19]} 17. fxe3 {[%clk 1:04:35]} Ne5 {[%clk 0:37:44]} 18. Nxe5 {[%clk
0:55:07]} Bxe5 {[%clk 0:38:08]} 19. Nb1 {[%clk 0:41:52]} c4 {[%clk 0:29:43]} 20.
Nd2 {[%clk 0:40:05]} cxb3 {[%clk 0:27:25]} 21. axb3 {[%clk 0:36:58]} Rc8 {[%clk
0:15:56]} 22. Nc4 {[%clk 0:36:32]} Bxc4 {[%clk 0:14:45]} 23. bxc4 {[%clk
0:36:51]} Rab8 {[%clk 0:11:58]} 24. Rb1 {[%clk 0:34:36]} Qa3 {[%clk 0:09:17]} 25.
Bf1 {[%clk 0:28:36]} Kg7 {[%clk 0:09:01]} 26. Bd3 {[%clk 0:28:11]} Rxb1 {[%clk
0:06:14]} 27. Rxb1 {[%clk 0:28:27]} Ra8 {[%clk 0:06:23]} 28. Kf2 {[%clk 0:26:55]}
h5 {[%clk 0:05:32]} 29. h3 {[%clk 0:25:01]} Qc5 {[%clk 0:05:02]} 30. Rb5 {[%clk
0:20:55]} Qc8 {[%clk 0:05:27]} 31. Bf1 {[%clk 0:19:21]} Ra1 {[%clk 0:05:28]} 32.
Rb1 {[%clk 0:19:19]} Ra5 {[%clk 0:05:45]} 33. Qd2 {[%clk 0:18:22]} Qa8 {[%clk
0:05:24]} 34. Rc1 {[%clk 0:17:44]} Qa7 {[%clk 0:04:26]} 35. Rc2 {[%clk 0:17:25]}
Ra3 {[%clk 0:04:19]} 36. Bd3 {[%clk 0:14:16]} Qc5 {[%clk 0:04:01]} 37. Kf3 {[%clk
0:10:24]} Ra1 {[%clk 0:03:41]} 38. Rc1 {[%clk 0:10:08]} Ra3 {[%clk 0:04:05]} 39.
Rc2 {[%clk 0:09:47]} Qb6 {[%clk 0:03:42]} 40. Ra2 {[%clk 0:35:26]} Rxa2 {[%clk
0:33:35]} 41. Qxa2 {[%clk 0:35:48]} Bxg3 {[%clk 0:33:50]} 42. Qb1 {[%clk
0:35:19]} Qxb1 {[%clk 0:32:24]} 43. Bxb1 {[%clk 0:35:41]} Be5 {[%clk 0:32:19]}
44. Bc2 {[%clk 0:35:19]} Kh6 {[%clk 0:22:31]} 45. Ba4 {[%clk 0:35:37]} Kg5 {[%clk
0:22:08]} 46. Be8 {[%clk 0:35:44]} Kf6 {[%clk 0:22:11]} 47. Bd7 {[%clk 0:35:46]}
g5 {[%clk 0:21:21]} 48. Bc8 {[%clk 0:34:48]} Kg6 {[%clk 0:20:01]} 49. Bf5+ {[%clk
0:34:54]} 1/2-1/2

[Event "Baku Chess Olympiad | Open"]
[Site "chess24.com"]
[Date "2016.09.12"]
[Round "10"]
[White "Hernandez, Mauricio Daniel"]
[Black "Moinzai, Khushal"]
[Result "1-0"]
[Board "4"]
[WhiteID "6701183"]
[WhiteElo "2027"]
[WhiteCountry "ESA"]
[WhiteFideId "6701183"]
[WhiteEloChange "2"]
[BlackID "11701200"]
[BlackElo "1624"]
[BlackCountry "AFG"]
[BlackFideId "11701200"]
[BlackEloChange "-2"]

1. e4 {[%clk 1:30:56]} e5 {[%clk 1:30:09]} 2. Nf3 {[%clk 1:31:09]} Nc6 {[%clk
1:30:03]} 3. Bb5 {[%clk 1:29:27]} a6 {[%clk 1:25:19]} 4. Ba4 {[%clk 1:29:52]} Bc5
{[%clk 1:25:22]} 5. c3 {[%clk 1:24:43]} b5 {[%clk 1:22:43]} 6. Bb3 {[%clk
1:24:36]} Nf6 {[%clk 1:21:55]} 7. O-O {[%clk 1:24:43]} O-O {[%clk 1:19:19]} 8. d4
{[%clk 1:24:38]} exd4 {[%clk 1:17:28]} 9. cxd4 {[%clk 1:25:03]} Be7 {[%clk
1:16:16]} 10. e5 {[%clk 1:21:51]} Ne8 {[%clk 1:14:51]} 11. Bf4 {[%clk 1:15:04]}
d5 {[%clk 1:11:04]} 12. Nc3 {[%clk 1:05:00]} Be6 {[%clk 1:09:33]} 13. Qd3 {[%clk
1:02:19]} Na5 {[%clk 1:02:39]} 14. Bc2 {[%clk 1:02:03]} g6 {[%clk 1:01:31]} 15.
Ne1 {[%clk 0:51:54]} Nc4 {[%clk 0:55:16]} 16. b3 {[%clk 0:49:23]} Nb6 {[%clk
0:53:27]} 17. Bh6 {[%clk 0:42:13]} Ng7 {[%clk 0:51:45]} 18. f4 {[%clk 0:42:20]}
Bf5 {[%clk 0:49:22]} 19. Qe2 {[%clk 0:42:32]} Ne6 {[%clk 0:43:12]} 20. Rd1 {[%clk
0:40:03]} Bxc2 {[%clk 0:37:46]} 21. Nxc2 {[%clk 0:39:45]} Re8 {[%clk 0:28:06]}
22. f5 {[%clk 0:39:56]} gxf5 {[%clk 0:22:41]} 23. Rxf5 {[%clk 0:40:02]} Bf8
{[%clk 0:20:33]} 24. Qg4+ {[%clk 0:32:33]} Kh8 {[%clk 0:19:04]} 25. Bg5 {[%clk
0:26:16]} Nxg5 {[%clk 0:14:46]} 26. Rxg5 {[%clk 0:26:38]} Be7 {[%clk 0:13:19]}
27. Rf5 {[%clk 0:26:25]} Rg8 {[%clk 0:11:41]} 28. Qf3 {[%clk 0:26:48]} Qd7 {[%clk
0:10:16]} 29. Rf1 {[%clk 0:21:15]} Raf8 {[%clk 0:08:28]} 30. Ne3 {[%clk 0:17:47]}
Rg7 {[%clk 0:06:28]} 31. Ncxd5 {[%clk 0:16:21]} Nc8 {[%clk 0:05:24]} 32. Ng4
{[%clk 0:11:59]} c6 {[%clk 0:03:55]} 33. Nde3 {[%clk 0:06:14]} Qxd4 {[%clk
0:03:35]} 34. Rf4 {[%clk 0:05:03]} Qb6 {[%clk 0:03:20]} 35. Kh1 {[%clk 0:00:57]}
Bg5 {[%clk 0:03:00]} 36. Nf5 {[%clk 0:00:50]} Rg6 {[%clk 0:02:37]} 37. Re4 {[%clk
0:01:05]} Qc5 {[%clk 0:01:48]} 38. h4 {[%clk 0:01:24]} Bd8 {[%clk 0:01:30]} 39.
Nfh6 {[%clk 0:00:54]} f6 {[%clk 0:00:33]} 40. exf6 {[%clk 0:30:56]} Qh5 {[%clk
0:30:35]} 41. g3 {[%clk 0:27:57]} Rxh6 {[%clk 0:22:21]} 42. Nxh6 {[%clk 0:27:28]}
Qxh6 {[%clk 0:21:59]} 43. Re6 {[%clk 0:26:21]} Nb6 {[%clk 0:12:46]} 44. Rxc6
{[%clk 0:25:25]} Qd2 {[%clk 0:12:23]} 45. Rd1 {[%clk 0:18:52]} Qb2 {[%clk
0:12:04]} 46. Qf5 {[%clk 0:15:48]} Qe2 {[%clk 0:10:28]} 47. Rdd6 {[%clk 0:15:19]}
Qe1+ {[%clk 0:10:12]} 48. Kh2 {[%clk 0:15:09]} Qe2+ {[%clk 0:10:21]} 49. Kh3
{[%clk 0:15:29]} Qe1 {[%clk 0:10:05]} 50. Rxb6 {[%clk 0:12:43]} Bxb6 {[%clk
0:09:32]} 51. Rd7 {[%clk 0:12:56]} Qh1+ {[%clk 0:06:57]} 52. Kg4 {[%clk 0:13:21]}
Rf7 {[%clk 0:06:13]} 53. Rxf7 {[%clk 0:12:13]} Qd1+ {[%clk 0:06:22]} 54. Qf3
{[%clk 0:12:17]} h5+ {[%clk 0:05:32]} 55. Kf4 {[%clk 0:12:35]} Bc7+ {[%clk
0:04:36]} 56. Rxc7 {[%clk 0:12:59]} Qd6+ {[%clk 0:04:38]} 57. Kg5 {[%clk
0:13:24]} Qxc7 {[%clk 0:03:26]} 58. Qxh5+ {[%clk 0:13:48]} Kg8 {[%clk 0:03:40]}
59. Qe8+ {[%clk 0:14:12]} Kh7 {[%clk 0:03:36]} 60. Qe7+ {[%clk 0:14:37]} 1-0

[Event "Baku Chess Olympiad | Open"]
[Site "chess24.com"]
[Date "2016.09.12"]
[Round "10"]
[White "Nadir, Samir"]
[Black "Tamra, Attallah"]
[Result "1-0"]
[Board "1"]
[WhiteID "12200085"]
[WhiteElo "2199"]
[WhiteTitle "CM"]
[WhiteCountry "SUD"]
[WhiteFideId "12200085"]
[WhiteEloChange "7"]
[BlackID "11500255"]
[BlackElo "2087"]
[BlackTitle "FM"]
[BlackCountry "PLE"]
[BlackFideId "11500255"]
[BlackEloChange "-7"]

1. d4 {[%clk 1:29:20]} Nf6 {[%clk 1:30:45]} 2. Nf3 {[%clk 1:29:31]} e6 {[%clk
1:30:58]} 3. Bf4 {[%clk 1:29:45]} c5 {[%clk 1:30:35]} 4. e3 {[%clk 1:29:44]} b6
{[%clk 1:29:52]} 5. c3 {[%clk 1:28:37]} Bb7 {[%clk 1:30:11]} 6. Bd3 {[%clk
1:25:58]} cxd4 {[%clk 1:30:01]} 7. cxd4 {[%clk 1:25:29]} Nh5 {[%clk 1:26:41]} 8.
Bg5 {[%clk 1:24:29]} Be7 {[%clk 1:24:22]} 9. Bxe7 {[%clk 1:19:06]} Qxe7 {[%clk
1:24:18]} 10. Nc3 {[%clk 1:17:38]} O-O {[%clk 1:23:25]} 11. O-O {[%clk 1:16:37]}
d6 {[%clk 1:22:13]} 12. Rc1 {[%clk 1:10:07]} Nd7 {[%clk 1:20:24]} 13. Nb5 {[%clk
1:01:37]} a6 {[%clk 1:07:55]} 14. Rc7 {[%clk 0:57:27]} Rab8 {[%clk 1:03:14]} 15.
Na7 {[%clk 0:30:11]} Qd8 {[%clk 0:59:56]} 16. Rc3 {[%clk 0:24:32]} Ra8 {[%clk
0:54:04]} 17. Nc6 {[%clk 0:24:49]} Qf6 {[%clk 0:54:07]} 18. g4 {[%clk 0:24:04]}
h6 {[%clk 0:51:30]} 19. gxh5 {[%clk 0:23:14]} Rfc8 {[%clk 0:51:41]} 20. d5 {[%clk
0:22:44]} Nc5 {[%clk 0:48:05]} 21. e4 {[%clk 0:18:50]} Rc7 {[%clk 0:45:00]} 22.
Bb1 {[%clk 0:16:45]} Re8 {[%clk 0:43:48]} 23. Nfd4 {[%clk 0:15:56]} exd5 {[%clk
0:43:32]} 24. exd5 {[%clk 0:15:31]} Qg5+ {[%clk 0:43:20]} 25. Rg3 {[%clk
0:14:55]} Qxd5 {[%clk 0:43:27]} 26. Qg4 {[%clk 0:06:15]} f5 {[%clk 0:31:44]} 27.
Bxf5 {[%clk 0:06:18]} Bxc6 {[%clk 0:04:52]} 28. Nxc6 {[%clk 0:06:01]} Qxc6 {[%clk
0:05:18]} 29. Qg6 {[%clk 0:05:19]} Kf8 {[%clk 0:04:42]} 30. Qh7 {[%clk 0:04:07]}
Qd5 {[%clk 0:04:46]} 31. Bg6 {[%clk 0:03:37]} Re5 {[%clk 0:04:07]} 32. Qh8+
{[%clk 0:03:14]} Ke7 {[%clk 0:03:58]} 33. Qe8+ {[%clk 0:03:04]} Kf6 {[%clk
0:04:21]} 34. Qf8+ {[%clk 0:02:52]} Ke6 {[%clk 0:03:32]} 35. Rf3 {[%clk 0:01:38]}
Rg5+ {[%clk 0:03:38]} 36. Kh1 {[%clk 0:01:28]} Qb7 {[%clk 0:01:10]} 37. Re1+
{[%clk 0:01:04]} Re5 {[%clk 0:00:35]} 38. Qf5+ {[%clk 0:00:51]} Kd5 {[%clk
0:01:04]} 39. Rxe5+ {[%clk 0:00:43]} dxe5 {[%clk 0:01:29]} 40. Kg1 {[%clk
0:30:41]} Kd6 {[%clk 0:30:46]} 41. Re3 {[%clk 0:30:41]} Qd5 {[%clk 0:24:27]} 42.
Re1 {[%clk 0:05:47]} Ne6 {[%clk 0:19:04]} 43. Bf7 {[%clk 0:05:37]} Nd4 {[%clk
0:18:20]} 44. Qg6+ {[%clk 0:05:24]} Ne6 {[%clk 0:18:37]} 45. Bxe6 {[%clk
0:05:16]} Qxe6 {[%clk 0:18:05]} 46. Rd1+ {[%clk 0:05:37]} Ke7 {[%clk 0:17:08]}
47. Qxg7+ {[%clk 0:05:56]} Ke8 {[%clk 0:17:05]} 48. Qh8+ {[%clk 0:05:33]} Kf7
{[%clk 0:16:21]} 49. Qh7+ {[%clk 0:04:03]} Ke8 {[%clk 0:16:37]} 50. Qh8+ {[%clk
0:04:21]} Kf7 {[%clk 0:17:04]} 51. Rd3 {[%clk 0:04:10]} Rc4 {[%clk 0:08:32]} 52.
Rf3+ {[%clk 0:02:06]} Rf4 {[%clk 0:08:31]} 53. Qh7+ {[%clk 0:02:15]} Ke8 {[%clk
0:08:37]} 54. Rxf4 {[%clk 0:02:23]} exf4 {[%clk 0:09:05]} 55. Qg6+ {[%clk
0:02:33]} Ke7 {[%clk 0:09:11]} 56. Qxe6+ {[%clk 0:02:19]} Kxe6 {[%clk 0:09:38]}
57. Kg2 {[%clk 0:02:26]} Kf5 {[%clk 0:09:46]} 58. Kf3 {[%clk 0:02:31]} Kg5 {[%clk
0:10:06]} 59. Ke4 {[%clk 0:02:10]} Kg4 {[%clk 0:10:05]} 60. f3+ {[%clk 0:02:09]}
Kg5 {[%clk 0:09:59]} 61. Ke5 {[%clk 0:02:18]} b5 {[%clk 0:09:51]} 62. b4 {[%clk
0:02:36]} Kxh5 {[%clk 0:10:05]} 63. Kxf4 {[%clk 0:02:53]} Kh4 {[%clk 0:10:30]}
1-0